Muzaffar Ahmad and the Indian communist movement/ (Record no. 146839)

MARC details
000 -LEADER
fixed length control field 00691nam a22002057a 4500
005 - DATE AND TIME OF LATEST TRANSACTION
control field 20230628164024.0
010 ## - LCCN (DPL NO)
LC control number ENG-121070 ENG-137203
020 ## - INTERNATIONAL STANDARD BOOK NUMBER
Terms of availability 200.00
International Standard Book Number 8180642119
035 ## - SYSTEM CONTROL NUMBER
System control number EN-104602 EN-120735
037 ## - SOURCE OF ACQUISITION
Source of stock number/acquisition DBAD/PUB
082 ## - DEWEY DECIMAL CLASSIFICATION NUMBER
Classification number 954.04
100 ## - MAIN ENTRY--PERSONAL NAME
Personal name Pal, Sakti Pada
245 ## - TITLE STATEMENT
Title Muzaffar Ahmad and the Indian communist movement/
Statement of responsibility, etc by Sakti Pada Pal ; forworded by Swapan Kumar Pramanick
260 ## - PUBLICATION, DISTRIBUTION, ETC. (IMPRINT)
Place of publication, distribution, etc Kolkata
Name of publisher, distributor, etc Progressive Publishers
Date of publication, distribution, etc 2012
270 ## - ADDRESS
Address 37/A, College Street
City Kolkata
300 ## - PHYSICAL DESCRIPTION
Extent 248p.
Dimensions 22cm(Hb)
500 ## - GENERAL NOTE
General note Includes bibliographical references and index
700 ## - ADDED ENTRY--PERSONAL NAME
Personal name Pramanick, Swapan Kumar
942 ## - ADDED ENTRY ELEMENTS (KOHA)
Source of classification or shelving scheme Dewey Decimal Classification
Item type English Books
Classification part 954.04
Call number suffix PAL
Holdings
Withdrawn status Lost status Not for loan Collection code Home library Current library Date acquired Source of acquisition Cost, normal purchase price Full call number Barcode Copy number Cost, replacement price Koha item type
      Non-fiction Bawana Bawana 28/06/2023 DBAD/PUB 200.00 954.04 PAL EN-120735 1 200.00 English Books
    Not For Loan Non-fiction D.B.Act.Division D.B.Act.Division 25/10/2017 DBAD/PUB 200.00 954.04 PAL EN-104602 1 200.00 English Books

© Delhi Public Library
Hit Counter
free hit counter